| 000 | 00468nam a2200133Ia 4500 | ||
|---|---|---|---|
| 008 | 250506s9999 xx 000 0 und d | ||
| 024 | _a08B-005-CE, 08B-011-CE, 08B-016-CE & 08B-031-CE | ||
| 082 | _a005.1072 KHA | ||
| 100 | _aMuhammad Ghous Khan, Muhammad Fakher-Ud-Din, Haider Ali Khan & Mufassir Mirza | ||
| 245 | 0 | _aComputerized Voting System | |
| 260 |
_aKarachi: _bUIT, _c2008 |
||
| 600 | _aComputer System Engineering | ||
| 650 | _aBachelor of Engineering (BE) | ||
| 999 |
_c27767 _d27767 |
||